Obras escogidas. Tomo IV

Guardado en:
Bibliografiske detaljer
Hovedforfatter: Lenin, Vladimir Ilich
Format: Bog
Sprog:Undetermined
Udgivet: Moscú, Rusia Editorial Progreso 1975
Fag:
Tags: Tilføj Tag
Ingen Tags, Vær først til at tagge denne postø!

MARC

LEADER 00000nam a2200000Ia 4500
008 170316s9999 xx 000 0 und d
090 |a 100 L-31o v.4 
100 |a Lenin, Vladimir Ilich 
245 |a Obras escogidas. Tomo IV 
260 |a Moscú, Rusia 
260 |b Editorial Progreso 
260 |c 1975 
300 |a 440 páginas 
650 |a FILOSOFÍA 
999 |c 16809  |d 16809 
040 |a cru BVZT 
942 |c 15 D  |h 100 L-31o v.4  |2 z